| 000 | 00593nam a22001577a 4500 | ||
|---|---|---|---|
| 003 | OSt | ||
| 005 | 20151106095920.0 | ||
| 008 | 151106b xxu||||| |||| 00| 0 eng d | ||
| 040 | _cRUA | ||
| 082 | _aFOR KHO 1997 B124 Or.1 | ||
| 100 |
_93437 _aKHOU, EANGHOURT. |
||
| 245 | _aveneersheet and plywood products of kingdom of cambodia (ផលិតផលឈើចំណិតស្តើងនិងឈើក្តាបន្ទះនៅព្រះរាជាណាចក្រកម្ពុជា) | ||
| 260 |
_aPhnom Penh _bRUA _c1997 |
||
| 300 |
_a99p. _bill. _c29cm. |
||
| 942 |
_2ddc _cFOR |
||
| 999 |
_c3207 _d3207 |
||